Normal view MARC view
  • Sánchez Escobedo, Pedro Antonio,

Entry Nombre Personal

Number of records used in: 13

001 - NUMERO DE CONTROL

  • campo de control: 31464

003 - IDENTIFICADOR DE NUMERO DE CONTROL

  • campo de control: UPN

005 - FECHA Y HORA DE LA ÜLTIMA TRANSACCIÓN

  • campo de control: 20230821143223.0

008 - DATOS DE LONGITUD FIJA

  • campo de control de longitud fija: nabaccnnaabn|||||||||| b |nc|||||d

024 7# - OTROS IDENTIFICADORES NORMALIZADOS

  • Fuente: orcid
  • Número normalizado o código: https://orcid.org/0000-0002-0564-3502

035 ## - NUMERO DE CONTROL

  • Número de control: UPN11000003570

040 ## - FUENTE DE CATALOGACIÓN

  • Lenguaje de catalogación: SPA
  • Agencia de transcripción: UPN
  • Agencia original de catalogación: MX-MxUPN

100 1# - ENCABEZAMIENTO - NOMBRE PERSONAL

  • Nombre personal: Sánchez Escobedo, Pedro Antonio,
  • Fechas asociadas con el nombre: 1959-

371 ## - DIRECCIÓN

  • Electronic mail address: psanchez@uady.mx

373 ## - GRUPO ASOCIADO

  • Associated group: Universidad Autónoma de Yucatán. Facultad de Educación.

374 ## - OCUPACIÓN

  • Occupation: Profesor - investigador universitario

670 ## - FUENTE EN LA QUE SE LOCALIZARON DATOS

  • Cita de la fuente: T
  • Uniform Resource Identifier: http://antiguo.itson.mx/cies/es/cv/pedro_antonio.doc

680 ## - NOTA PUBLICA DE ACCESO PÚBLICO

  • Frase explicativa de la referencia: Pedagogo mexicano

902 ## - CATALOGADOR

  • Catalogador: CAA/181011

902 ## - CATALOGADOR

  • Catalogador: Leonor Sotres/210823